00191nam a2200085Ia 4500008004100000100001300041245002700054260001500081260000900096170617s9999 xx 000 0 und d aGaud-R.S 0aPractical Microbiology bNirali Pub c2006